000 00520pab a2200181 454500
008 180718b2017 xxu||||| |||| 00| 0 eng d
100 _aAdman, Per
245 _aA field experiment on ethnic discrimination among local Swedish public officials
260 _c2017
300 _ap.44-63.
362 _aFeb
650 _aRacial discrimination - Sweden
650 _aPublic officers - Sweden
650 _aRacial discrimination
700 _aJansson, Hanna
773 _aLocal Government Studies
909 _a115110
999 _c115104
_d115104